<?xml version="1.0" encoding="UTF-8"?>
<collection xmlns:xsi="http://www.w3.org/2001/XMLSchema-instance" xsi:schemaLocation="http://www.loc.gov/MARC21/slim http://www.loc.gov/standards/marcxml/schema/MARC21slim.xsd" xmlns="http://www.loc.gov/MARC21/slim">
 <record>
  <leader>00000nam a22000004a 4500</leader>
  <controlfield tag="001">UP-1686042739784944738</controlfield>
  <controlfield tag="003">Buklod</controlfield>
  <controlfield tag="005">20240504163539.0</controlfield>
  <controlfield tag="006">m    |o  d |      </controlfield>
  <controlfield tag="007">ta</controlfield>
  <controlfield tag="008">240504s2023    ph     gr     000 p eng d</controlfield>
  <datafield tag="020" ind1=" " ind2=" ">
   <subfield code="a">9786210900279</subfield>
  </datafield>
  <datafield tag="037" ind1=" " ind2=" ">
   <subfield code="a">Fi-109206, Fi-109207, Fi-109208, Fi-109209 </subfield>
   <subfield code="b">U.P. Press</subfield>
   <subfield code="c">Php 650.00</subfield>
  </datafield>
  <datafield tag="040" ind1=" " ind2=" ">
   <subfield code="a">DMLF</subfield>
   <subfield code="e">rda</subfield>
  </datafield>
  <datafield tag="041" ind1=" " ind2=" ">
   <subfield code="a">fil</subfield>
  </datafield>
  <datafield tag="042" ind1=" " ind2=" ">
   <subfield code="a">DMLUC</subfield>
  </datafield>
  <datafield tag="090" ind1=" " ind2=" ">
   <subfield code="a">PL 6165.4 A586</subfield>
   <subfield code="b">T77 2023</subfield>
  </datafield>
  <datafield tag="100" ind1="1" ind2=" ">
   <subfield code="a">Antonio, Lamberto E.</subfield>
   <subfield code="e">author.</subfield>
  </datafield>
  <datafield tag="245" ind1="1" ind2="0">
   <subfield code="a">Turno kong nokturno</subfield>
   <subfield code="b">mga bago at piling tula</subfield>
   <subfield code="c">Lamberto E. Antonio.</subfield>
  </datafield>
  <datafield tag="264" ind1=" " ind2="0">
   <subfield code="a">Quezon City</subfield>
   <subfield code="b">University of the Philippines Press</subfield>
   <subfield code="c">[©2023]</subfield>
  </datafield>
  <datafield tag="300" ind1=" " ind2=" ">
   <subfield code="a">xviii, 211 pages</subfield>
   <subfield code="c">23 cm</subfield>
  </datafield>
  <datafield tag="336" ind1=" " ind2=" ">
   <subfield code="a">text</subfield>
   <subfield code="2">rdacontent</subfield>
  </datafield>
  <datafield tag="337" ind1=" " ind2=" ">
   <subfield code="a">unmediated</subfield>
   <subfield code="2">rdamedia</subfield>
  </datafield>
  <datafield tag="338" ind1=" " ind2=" ">
   <subfield code="a">volume</subfield>
   <subfield code="2">rdacarrier</subfield>
  </datafield>
  <datafield tag="490" ind1="0" ind2=" ">
   <subfield code="a">The Philippine writers series 2023</subfield>
  </datafield>
  <datafield tag="505" ind1="0" ind2=" ">
   <subfield code="a">I. Turno kong nokturno: Mga dahong nakatiklop -- Berso sa unang piyesang nokturno -- Hatinggabi ng tatlong bata -- Ang mutyang umawit -- Rondel sa bakurang madilim -- Kalungkutan ng sampares sa sapatos -- Responso -- Aninong makilos -- Dama de noche -- Berso 2269 -- Pagnanasa -- Panambitan -- Gabi ang nagturong dapat kang yakapin -- Pitong tulang atay-sindi -- Tilaok sa tipanan -- Tatlong tanaga -- Pinaiidlip akong may palito sa bibig -- Tumana sa tabi ng ilog -- Isang pagtitipon -- Isang pagtitipon -- Tanod -- Siyudad ng burak -- 9:00 P.M. natin sa Taichung -- Gabi ng isang piyon -- Ang panahong ginugunita ko -- Hapunan sa bangketa -- Limerika -- Lulay ng tatay -- Kalaro -- Walong patay na panauhin -- Lihim na lamay -- Talata sa gabi-gabing pamimintana -- Tatlong tulang pampaantok marahil -- Subyang -- Oras ng ulan -- Bangka o bola man ang kahugis ng buwan -- Sa gabi ng pagkikita -- Kasayaw -- Ilang gabing ako ang alinman dito -- Dito sa entablado -- Mga miron sa ginabing rally -- Lamay sa linang -- Hain sa magdamag -- Limang minuto bago mag-2011 -- Paghahambing sa ikinahihimbing -- Himas sa tandang -- Pagsapit ng oras ng mga kuliglig -- Lamay sa patay -- May isang alitaptap -- Saknong sa pag-amoy ng patibong -- Antok. </subfield>
  </datafield>
  <datafield tag="505" ind1="0" ind2=" ">
   <subfield code="a">II. Mga piling tula, 1969-2009: Pastol -- Mula sa isang guhong kapilya sa bukid -- Bangkero -- Isang liham ng pag-ibig -- Paghihintay sa unang ulan ng Mayo -- Unang sulyap ukol sa taong ito -- Isang gahis na pahinante -- Napagawi ako sa mababang paaralan -- Tagay kay Nemia -- Kuwento sa Nabao -- Sa bibig ng balong -- Biyahe -- Linggo ng umaga ng musmos na pastol -- Takada ni Islaw Palitaw -- Takada ni Pedro Penduko -- Dalawang tula kay Mariang Beha -- Lubid -- Sa pagkamatay ng isang newsboy -- Awit sa duyan -- Landas ng buhangin -- Isang batang babae sa bintana -- Matagal na akong hindi sumusulat -- Si kabayang dating mahina ang tuhod -- Sandakot na bigas -- bago magtalumpati -- Mga bata, mga matrona -- Pader -- Nagkukunwa lamang kaming lumulusob -- Isang bahay sa poblasyon -- Beso-Berso -- Ang pamilya -- Ang itim na butil -- Pugera (2) -- Maliban sa gunita -- Pasintabi -- Tulay, hindi pader -- Ang silong -- Ang upuan -- Buto sa bato -- limang awit sa paghimpil -- Baras -- Kuwento ng ilog -- Paghahanap -- Kumpisal -- Bisikleta at bisita -- Poso Artesyano -- Kuwentong barbero -- Abiso ng tatlong-bahay --Hanggang ngayon -- Oda sa balutan ng paninda -- Si Rowena ng malawa -- Ang pinakamalaki, pinakamagandang bahay -- Duwelo ng uwak at aso -- Tuyot -- Ang buhanging hinahakot -- Payo sa karaniwang tao -- Kolonya -- Ang pila at si Pilar -- Obra kadabra.</subfield>
  </datafield>
  <datafield tag="650" ind1=" " ind2="0">
   <subfield code="a">Filipino poetry</subfield>
   <subfield code="v">Collections.</subfield>
  </datafield>
  <datafield tag="905" ind1=" " ind2=" ">
   <subfield code="a">FI</subfield>
  </datafield>
  <datafield tag="852" ind1="0" ind2=" ">
   <subfield code="a">UPD</subfield>
   <subfield code="b">DMLF</subfield>
   <subfield code="h">PL 6165.4 A586</subfield>
   <subfield code="i">T77 2023</subfield>
  </datafield>
  <datafield tag="852" ind1="0" ind2=" ">
   <subfield code="a">UPD</subfield>
   <subfield code="b">GGRR</subfield>
   <subfield code="h">PL 6165.4 A586</subfield>
   <subfield code="i">T77 2023</subfield>
  </datafield>
  <datafield tag="942" ind1=" " ind2=" ">
   <subfield code="a">Book</subfield>
  </datafield>
 </record>
</collection>
